|
|
|
|
| LEADER |
01264nam a2200325 i 4500 |
| 001 |
37929 |
| 003 |
BD-DhAAL |
| 005 |
20220306152636.0 |
| 008 |
220306t2016 bg b 001 0 eng d |
| 999 |
|
|
|c 43665
|d 43665
|
| 010 |
|
|
|a 2016319063
|
| 020 |
|
|
|a 9789849144960
|
| 025 |
|
|
|a B-E-2016319063; 22-91
|
| 037 |
|
|
|b Library of Congress -- New Delhi Overseas Office
|
| 040 |
|
|
|a DLC
|b eng
|c DLC
|e rda
|d DLC
|d BD-DhAAL
|
| 042 |
|
|
|a lcode
|a pcc
|
| 043 |
|
|
|a a-bg---
|
| 050 |
0 |
0 |
|a JQ635
|b .K398 2016
|
| 082 |
|
|
|a 351.5492
|2 23
|
| 100 |
1 |
|
|a Khan, Jamal
|9 46423
|
| 245 |
1 |
0 |
|a Making a common cause :
|b public management and Bangladesh /
|c Jamal Khan, Mahabubur Rahaman.
|
| 264 |
|
1 |
|a Dhaka, Bangladesh :
|b Academic Press and Publishers Library,
|c May 2016.
|
| 300 |
|
|
|a xi, 687 pages ;
|c 22 cm.
|
| 504 |
|
|
|a Includes bibliographical references and index.
|
| 541 |
|
|
|a Donated by Akbar Ali Khan
|e 37929
|
| 650 |
|
0 |
|a Public administration
|z Bangladesh.
|9 46424
|
| 700 |
0 |
|
|a Mahabubur Rahman,
|e author.
|9 46425
|
| 852 |
|
|
|a Ayesha Abed Library
|c Akbar Ali Khan Collection
|
| 942 |
|
|
|2 ddc
|c BK
|
| 952 |
|
|
|0 0
|1 0
|2 ddc
|4 0
|6 351_549200000000000_KHA
|7 1
|9 69997
|a BRACUL
|b BRACUL
|c AAKC
|d 2022-03-06
|e Donated by Akbar Ali Khan
|l 0
|o 351.5492 KHA
|p 3010037929
|r 2022-03-06
|t 1
|w 2022-03-06
|y BK
|